000 00446nam a2200181Ia 4500
001 9367
005 20260306161713.0
008 260306t2015||||xx |||||||||||||| ||spa||
041 _aESP
082 _a378.155
_bM22
100 _aMancovsky, Viviana
_eAUT
245 0 _aLa formación para la investigación en el posgrado
260 _c2015
300 _a137 páginas :
_c28 cm.
650 _aGEN
654 _aCED
942 _cLIB
_dJUS
_fJUS
_2ddc
_n
999 _c9367
_d9367